Paroles - Je veux tes yeux - Angèle - Statistiques

Statistiques générales
  • Ce quiz a été pris 120 fois
  • Le résultat moyen est 166 sur 215
Statistiques - réponses
Réponse % Correct
Je
99%
je
99%
tes
99%
veux
99%
yeux
99%
beaux
95%
en
95%
les
95%
de
93%
Que
93%
que
93%
se
91%
deux
90%
photo
90%
seulement
86%
à
82%
a
82%
peau
81%
ta
81%
mais
77%
Mais
77%
Sans
77%
sans
77%
pas
76%
tu
76%
sentir
75%
moi
73%
si
71%
ligne
69%
ton
69%
il
67%
J'ai
67%
ce
66%
J'attends
66%
j'attends
66%
toujours
66%
me
64%
signe
64%
j'crois
63%
Connectée
62%
qu'y
62%
Alors
60%
ne
60%
réponds
58%
son
58%
t'as
58%
vu
58%
penses
54%
toi
54%
toi,
54%
qu'enfin
51%
sonne
49%
ça
48%
sais
48%
peut-être
47%
tout
47%
Un
47%
et
46%
suite
45%
trop
45%
d'histoires
44%
tremble
44%
espoir
43%
j'en
43%
préfère
43%
l'illusion
42%
on
42%
t'inventes
42%
déjà
40%
latent
40%
t'avoir
40%
Faudrait
38%
m'apprendra
38%
mens
38%
m'oublies
37%
jour
36%
verra
34%
dire,
31%
Ok
30%
Car
29%
folle
29%
comment
27%
saurai
27%
nos
26%
rougir
26%
pourrai
25%
premiers
25%
Devant
24%
soupirs
23%
m'enfuir
22%
serai
21%
Aucun quiz correspondant
Distribution des résultats
% des personnes avec chaque résultat
Percentile par nombre de réponses
Votre historique - résultats
Vous n’avez pas pris ce quiz